| 000 | 00522nam a22001697a 4500 | ||
|---|---|---|---|
| 005 | 20251108175751.0 | ||
| 008 | 250721s2019 xx 000 0 ara d | ||
| 082 | 1 | 4 | _a818.07/فقي |
| 100 | 1 |
_aفقيه، محمد حسن _eمؤلف |
|
| 245 | 1 | 0 | _aنسمات حكم خواطر وعبر / |
| 264 | 1 |
_aعمان : _bدار الفاروق للنشر والتوزيع، _c2019. |
|
| 300 | _a116ص. | ||
| 650 | 1 | 7 | _aالادب العربي |
| 650 | 1 | 7 | _aالخواطر الادبية |
| 942 |
_2ddc _cBK |
||
| 999 |
_c141915 _d141915 |
||